00900nam a2200193 a 450000100100000000500170001000800410002704000250006808200140009311000860010724501140019326000360030730000210034371000860036404900090045095201120045995201180057199900170068900002630720200930024500.0110310s2000 dr 000 0 spa d aDO-SdBNPbspacBNPHU axxxbI59g1 aInstituto de Contadores Públicos Autorizados de la República Dominicana9711810aGuía para la elaboración de los estados financieros siguiendo las normas internacionales de contabilidad. aSanto Domingo :bICPARD,c2000. a238 p. ;c27 cm.2 aInstituto de Contadores Públicos Autorizados de la República Dominicana97118 aBNPd 0010718PDaPDbPDcCTd2011-03-10iLF1l0oxxx I59gp26307-10r2020-06-25w2020-06-25yLFPDZNo se presta 0010718PDaPDbPDcCTd2011-03-10iLF1l0oxxx I59gp26307-20r2020-06-25te. 2w2020-06-25yLFPDZNo se presta c25799d25799